Luyện kỹ năng nghe nói tiếng Anh = The heart of the matter

Tallennettuna:
Bibliografiset tiedot
Päätekijä: Marjorie Vai
Aineistotyyppi: Kirja
Kieli:Undetermined
Julkaistu: Tp. HCM Tp. HCM 2003
Aiheet:
Tagit: Lisää tagi
Ei tageja, Lisää ensimmäinen tagi!
Thư viện lưu trữ: Trung tâm Học liệu Trường Đại học Cần Thơ
LEADER 00575nam a2200205Ia 4500
001 CTU_53571
008 210402s9999 xx 000 0 und d
020 |b 30000 
082 |a 428.34 
082 |b V128 
100 |a Marjorie Vai 
245 0 |a Luyện kỹ năng nghe nói tiếng Anh 
245 0 |b = The heart of the matter 
245 0 |c Marjorie Vai; Lê Huy Lâm chú giải 
260 |a Tp. HCM 
260 |b Tp. HCM 
260 |c 2003 
650 |a english language 
650 |x spoken english 
980 |a Trung tâm Học liệu Trường Đại học Cần Thơ